Literárne rešerše Ústavu vedeckých zdravotníckych informácií č. 5606-6305 a stredísk VTI rezortu MZ SSR /
Uložené v:
| Ďalší autori: | , |
|---|---|
| Médium: | Kniha |
| Jazyk: | Slovak |
| Vydané: |
Bratislava :
Ústav vedeckých zdravotníckych informácií,
1984.
|
| Vydanie: | 1. vyd. |
| ISBN: |
(brož.) |
| Fyzický popis: |
225 s. |
| Tagy: |
Pridať tag
Žiadne tagy, Buďte prvý kto otaguje tento záznam!
|
Titul je dostupný aj v ... 

MARC
| LEADER | 00000nam a22000001 4500 | ||
|---|---|---|---|
| 001 | 000410086 | ||
| 005 | 20121113212233.0 | ||
| 008 | 020507s1984 xo e slo d | ||
| 020 | |a (brož.) | ||
| 040 | |a SVKKK |b slo |c SVKKK |e AACR2 | ||
| 041 | 0 | |a slo | |
| 044 | |a xo |c SK | ||
| 245 | 0 | 0 | |a Literárne rešerše Ústavu vedeckých zdravotníckych informácií č. 5606-6305 a stredísk VTI rezortu MZ SSR / |c zost. Daniela Hrešková, Vlasta Černíková. |
| 250 | |a 1. vyd. | ||
| 260 | |a Bratislava : |b Ústav vedeckých zdravotníckych informácií, |c 1984. | ||
| 300 | |a 225 s. | ||
| 700 | 1 | |a Hrešková, Daniela |4 com | |
| 700 | 1 | |a Černíková, Vlasta, |4 com | |
| 910 | |a svkkk | ||
| 998 | |a BK | ||
| 090 | |g SCKHL |k Sklad Pribinova 3. posch. |a V.136771 |j 697676 |i 2720972399 |s Povinný výt. | ||